logo

Bir Sreshtho Munshi Abdur Rouf Library
Jhenaidah Cadet College

মতিচুর (Record no. 13702)

MARC details
000 -LEADER
fixed length control field 00669nam a2200229 a 4500
001 - CONTROL NUMBER
JCCL Control Number 13702
003 - CONTROL NUMBER IDENTIFIER
JCCL marc code BD-JhCC
005 - DATE AND TIME OF LATEST TRANSACTION
control field 20240314135525.0
008 - FIXED-LENGTH DATA ELEMENTS--GENERAL INFORMATION
fixed length control field 240314b 2016b |||| ||a| 001 0 b d
020 ## - INTERNATIONAL STANDARD BOOK NUMBER
International Standard Book Number 984900781082
035 ## - SYSTEM CONTROL NUMBER
system control number (BD-JhCC)13702
040 ## - CATALOGING SOURCE
Original cataloging agency BD-JhCC
Modifying agency BD-JhCC
041 ## - LANGUAGE CODE
Language code of Book ben
082 ## - DEWEY DECIMAL CLASSIFICATION NUMBER
Classification number 891.4409
Author mark and Year ROK 2016
100 ## - MAIN ENTRY--PERSONAL NAME
Personal name রোকেয়া, বেগম
245 ## - TITLE STATEMENT
Title মতিচুর
Remainder of title বেগম রোকেয়া
260 ## - PUBLICATION, DISTRIBUTION, ETC. (IMPRINT)
Place of publication, distribution, etc ঢাকা:
Name of publisher, distributor, etc সুচয়নী পাবলিশার্স;
Date of publication, distribution, etc 2016.
300 ## - PHYSICAL DESCRIPTION
Pagination 192 p. :
Dimensions 22 cm.
650 ## - SUBJECT ADDED ENTRY--TOPICAL TERM
Topical term or geographic name as entry element বাংলা প্রবন্ধ
942 ## - ADDED ENTRY ELEMENTS (KOHA)
Source of classification or shelving scheme Dewey Decimal Classification
Koha item type Books
Holdings
Source of classification or shelving scheme Damaged status Not for loan Home library Current library Shelving location Date of accession Cost, normal purchase price Total Checkouts Full call number Barcode Date last seen Copy number Method of acquisition Koha item type Currency Date checked out
Dewey Decimal Classification     JCC Rouf Library JCC Rouf Library General Stacks   220.00   891.4409 ROK 2016 18983 03/14/2024 C-1 Purchase Books BDT  
Dewey Decimal Classification     JCC Rouf Library JCC Rouf Library General Stacks   220.00 4 891.4409 ROK 2016 18984 07/16/2025 C-2 Purchase Books BDT 05/24/2025

JCC Library | Contacts | JCC Home

Last Update on 23 September 2017
Copyright @ 2017-2020 JCC Rouf Library
Rouf Library, Jhenidah Cadet College (JCC), Bangladesh